Language and social networks
Αποθηκεύτηκε σε:
| Κύριος συγγραφέας: | |
|---|---|
| Μορφή: | Βιβλίο |
| Γλώσσα: | English |
| Δημοσίευση: |
Oxford :
Blackwell,
1992
|
| Έκδοση: | 2nd ed. |
| Σειρά: | Language in society ;
; 2 |
| Θέματα: | |
| Ετικέτες: |
Προσθήκη ετικέτας
Δεν υπάρχουν, Καταχωρήστε ετικέτα πρώτοι!
|
MARC
| LEADER | 00000nam a2200000 i 4500 | ||
|---|---|---|---|
| 001 | 1/92841 | ||
| 008 | 940309s1992 eng d | ||
| 020 | |a 0-631-15314-4 | ||
| 035 | |l 10008620 | ||
| 040 | |a GR-MY-UA |b gre |e aacr | ||
| 041 | 0 | |a eng | |
| 082 | 0 | |a 401.9 | |
| 100 | 1 | |a Milroy, Lesley. | |
| 245 | 1 | 0 | |a Language and social networks / |c Lesley Milroy |
| 250 | |a 2nd ed. | ||
| 260 | |a Oxford : |b Blackwell, |c 1992 | ||
| 300 | |a xi, 232 σ.; |b εικ.; |c 23 εκ. | ||
| 490 | 1 | |a Language in society |v ; 2 | |
| 504 | |a Περιέχει βιβλιογραφικές παραπομπές (σ. 217-228) και ευρετήριο | ||
| 650 | 0 | 0 | |a Sociolinguistics. |
| 830 | 0 | |a Language in society ; |v ; 2 | |
| 852 | |a INST |b LESVOS |e 19940309 |h 401.9 MIL |p 005100004965 |q 005100004965 |t BK |y 0 | ||
| 909 | |a Λ |b 033258 | ||